Fisonomía histórica de Chile
Saved in:
| Hovedforfatter: | |
|---|---|
| Format: | Bog |
| Sprog: | spansk |
| Udgivet: |
Santiago, Chile
Universitaria
1976
|
| Udgivelse: | Quinta edición |
| Serier: | Cormorán. Colección imagen de Chile
|
| Fag: | |
| Tags: |
Tilføj Tag
Ingen Tags, Vær først til at tagge denne postø!
|
MARC
| LEADER | 00000nam a2200000 a 4500 | ||
|---|---|---|---|
| 001 | UCP9656 | ||
| 003 | CL-VaPUC | ||
| 005 | 20250327093503.0 | ||
| 008 | 000331e19760000CL |||||||||||||||||spa|d | ||
| 999 | |c 286445 |d 286443 | ||
| 040 | |c Pontificia Universidad Católica de Valparaíso | ||
| 082 | 0 | 4 | |a 983 EYZ 1976 |2 21 |
| 100 | |a Eyzaguirre Gutiérrez, Jaime |e autor |9 584583 | ||
| 245 | 1 | 0 | |a Fisonomía histórica de Chile |
| 250 | |a Quinta edición | ||
| 260 | |a Santiago, Chile |b Universitaria |c 1976 | ||
| 300 | |a 180 páginas | ||
| 490 | 0 | |a Cormorán. Colección imagen de Chile | |
| 583 | |a last modification |c 20000331 00:00:00 |k Rodrigo Vera | ||
| 650 | 0 | |a Historia de Chile |9 265473 | |
| 650 | 7 | |a ENSAYOS HISTORICOS |2 CL-VaPUC |9 315150 |z CHILE | |
| 650 | 0 | |a Guerra de Arauco |z CHILE |9 267618 | |
| 650 | 7 | |a EPOCA COLONIAL |2 CL-VaPUC |9 440363 |z CHILE | |
| 650 | 0 | |a Independencia de Chile |9 440305 | |
| 650 | 0 | |a República |z CHILE |9 310048 | |
| 852 | |a BIBCUR | ||
| 942 | |c BK |2 ddc | ||
| 945 | |d 20000331 00:00:00 |a lriquelm | ||
| 952 | |0 0 |1 0 |2 ddc |4 0 |6 983_000000000000000_EYZ_1976 |7 0 |8 A |9 332380 |a BIBHIS |b BIBHIS |d 2019-11-20 |i 1251694 |o 983 EYZ 1976 |p 1251694 |r 2025-01-20 |t 1 |w 2019-11-20 |y BK |k HIS | ||
| 952 | |0 0 |1 0 |2 ddc |4 0 |6 983_000000000000000_EYZ_1976 |7 0 |8 A |9 332381 |a BIBHIS |b BIBHIS |d 2019-11-20 |i 1251708 |o 983 EYZ 1976 |p 1251708 |r 2025-01-20 |t 2 |w 2019-11-20 |y BK |k HIS | ||